000 00305nam a22001217a 4500
008 230703b xxu||||| |||| 00| 0 eng d
082 _a346.013
_bNCSK
100 _cNCSK
245 _a1992 State Legislative Summary: Children, Youth and Family Issues
260 _bNCSK
300 _a150p
942 _2ddc
_cBK
999 _c3530
_d3530